Marine electrochemistry : a practical introduction /

Bibliographic Details
Other Authors: Whitfield, M., Jagner, D. (Daniel)
Format: Book
Language:English
Published: Chichester ; New York : Wiley, [1981]
Subjects:

MARC

Tag First Indicator Second Indicator Subfields
LEADER 00000cam a2200000 a 4500
001 in00000079367
005 20151008060835.0
008 820518s1981 enka b 00100 eng
010 |a  80042023  
015 |a GB*** 
020 |a 0471279765 
035 |a (OCoLC)08493132 
035 |9 AAJ6703AM 
039 0 |a 2  |b 3  |c 3  |d 3  |e 3 
040 |a DLC  |c DLC  |d TXA  |d UtOrBLW 
049 |a TXAM  |c [1443000] 
050 0 0 |a GC116  |b .M36 1981 
082 0 |a 551.46/01/0287  |2 19 
245 0 0 |a Marine electrochemistry :  |b a practical introduction /  |c edited by M. Whitfield and D. Jagner. 
264 1 |a Chichester ;  |a New York :  |b Wiley,  |c [1981] 
264 4 |c ©1981 
300 |a xiii, 529 pages :  |b illustrations ;  |c 24 cm. 
336 |a text  |b txt  |2 rdacontent 
337 |a unmediated  |b n  |2 rdamedia 
338 |a volume  |b nc  |2 rdacarrier 
500 |a "A Wiley-Interscience publication." 
504 |a Includes bibliographies and index. 
505 0 |a Sea water as an electrochemical medium / M. Whitfield and D.R. Turner -- The classification of electroanalytical techniques / D.R. Turner and M. Whitfield -- Electrochemical instrumentation / S. Ben-Yaakov -- Computer control and processing of electrochemical measurements / D. Jagner -- Conductometry / T.R.S. Wilson -- Direct potentiometry / C.H. Culberson -- Potentiometric titrations / D. Jagner -- Electrodeposition / E.E. Brooks and H.B. Mark, Jr. -- The electrochemical determination of oxygen / K. Grasshoff -- Voltammetry of natural sea water / A. Zirino. 
650 0 |a Chemical oceanography. 
650 0 |a Electrochemistry. 
700 1 |a Whitfield, M. 
700 1 |a Jagner, D.  |q (Daniel) 
999 |a MARS 
999 f f |s a90fa9ea-c59d-3730-a2d6-6ebdb04f03ae  |i 42ba8ec8-a369-30d9-9b11-75590679913d  |t 0 
952 f f |p ric  |a Texas A&M University  |b Rellis Campus  |c Joint Library Facility  |d Remote Storage  |t 0  |e GC116 .M36 1981  |h Library of Congress classification  |i unmediated -- volume  |m A14806113638 
998 f f |a GC116 .M36 1981  |t 0  |l Remote Storage